[Event "TCh-SRB Premier Men"]
[Site "Valjevo SRB"]
[Date "2011.09.03"]
[Round "8.4"]
[White "Pavlovic,G1"]
[Black "Bogosavljevic,B"]
[Result "0-1"]
[WhiteElo "2406"]
[BlackElo "2548"]

1.d4 d5 2.c4 c6 3.Nf3 Nf6 4.Qb3 g6 5.g3 a5 6.Nbd2 a4 7.Qd1 Bg7 8.Bg2 O-O
9.O-O Qb6 10.c5 Qb4 11.a3 Qa5 12.Ne5 Bf5 13.Ndf3 Nbd7 14.Bd2 Qb5 15.Bb4 Nb8
16.Re1 Qa6 17.e3 Qa7 18.Nh4 Bc8 19.Qc2 Nbd7 20.f4 Qb8 21.Rad1 Qc7 22.Rd2 Ne8
23.Nxd7 Qxd7 24.e4 dxe4 25.Qxe4 Nc7 26.Nf3 Nd5 27.Bc3 Qc7 28.Qe2 Bg4 29.Qc4 Rfd8
30.Kh1 Qc8 31.Qf1 Qc7 32.Ne5 Be6 33.Nc4 Qd7 34.Kg1 Ra6 35.Ba5 Nc7 36.Bxc7 Qxc7
37.Rxe6 fxe6 38.Qf2 Qd7 39.Kh1 Bxd4 40.Qe2 Qe8 41.Bh3 Bf6 42.Bxe6+ Kh8 43.Nb6 Rxd2
44.Qxd2 Qb8 45.Kg2 Qc7 46.g4 Rxb6 47.cxb6 Qxb6 48.Kf3 Bd4 49.Ke4 c5 50.Bd7 Qb3
51.Qa5 Kg7 52.Qd8 Qe3+ 53.Kd5 Qf3+ 54.Kc4 Qb3+  0-1

[Event "9th Amantea Open"]
[Site "Amantea ITA"]
[Date "2011.09.04"]
[Round "1"]
[White "Levin,F"]
[Black "Rotunno,Giuseppe"]
[Result "1-0"]
[WhiteElo "2482"]
[BlackElo "2037"]

1.d4 d5 2.c4 c6 3.Nf3 Nf6 4.Qc2 e6 5.e3 Be7 6.Nc3 O-O 7.b3 b6 8.Be2 Bb7 9.O-O Nbd7
10.Rd1 Rc8 11.e4 dxe4 12.Nxe4 Nxe4 13.Qxe4 Nf6 14.Qc2 Qc7 15.c5 bxc5 16.dxc5 Nd5
17.a3 Bf6 18.Bb2 e5 19.Nd2 Rcd8 20.Nc4 Ba6 21.Nd6 Bxe2 22.Qxe2 Rd7 23.g3 Re7
24.b4 e4 25.Nf5 Re6 26.Bxf6 Rxf6 27.Qxe4 Nc3 28.Qe7 Qb8 29.Rd3 Re8 30.Qd7 Nd5
31.Nd6 Re2 32.Rf1 Ne7 33.Ne4  1-0

[Event "TCh-POL 1st League"]
[Site "Mrzezyno POL"]
[Date "2011.09.04"]
[Round "2"]
[White "Mista,A"]
[Black "Staniszewski,Pi"]
[Result "1/2-1/2"]
[WhiteElo "2561"]
[BlackElo "2423"]

1.Nf3 Nf6 2.c4 c6 3.d4 d5 4.Qc2 dxc4 5.Qxc4 Bf5 6.g3 e6 7.Bg2 Nbd7 8.O-O Be7
9.e3 O-O 10.Rd1 Qb6 11.Qe2 Ne4 12.Nfd2 Nxd2 13.Nxd2 Bc2 14.Re1 Bg6 15.Nc4 Qc7
16.e4 e5 17.Nxe5 Nxe5 18.dxe5 Qxe5 19.f4 Qa5 20.Bd2 Qb6+ 21.Be3 Bc5 22.Bxc5 Qxc5+
23.Qf2 Qxf2+ 24.Kxf2 Rad8 25.Ke3 Rfe8 26.g4 f6 27.Rac1 Re7 28.Red1 Red7 29.Rxd7 Rxd7
30.a4 Kf8 31.a5 Rd6 32.Bf3 Ke7 33.h4 h6 34.b4 Be8 35.f5 b6 36.a6 c5 37.e5 fxe5
38.bxc5 bxc5 39.Rxc5 Rxa6 40.Rxe5+ Kf8 41.Rc5 Rb6 42.Kf4 Rb4+ 43.Be4 a5 44.Rc8 Ke7
45.Rc7+ Kd8 46.Rc3 a4 47.g5 hxg5+ 48.hxg5 Rb3 49.Rc5 Rb5 50.Rc3 Rb3 51.Rc1 a3
52.Bd5 Rb5 53.Be6 Ra5 54.f6 gxf6 55.gxf6 Ra8 56.Kg5 a2 57.Ra1 Ra5+ 58.Kf4 Ra4+
59.Ke5 Ra5+ 60.Kd4  1/2-1/2

[Event "Yuzhny Open"]
[Site "Yuzhny UKR"]
[Date "2011.09.05"]
[Round "4.25"]
[White "Guk,Ilja"]
[Black "Modlo,A"]
[Result "1/2-1/2"]
[WhiteElo "2277"]
[BlackElo "2036"]

1.d4 d5 2.c4 c6 3.Nf3 Nf6 4.Nbd2 Bf5 5.g3 e6 6.Bg2 Nbd7 7.Nh4 Bg6 8.Nxg6 hxg6
9.O-O Be7 10.b3 Bb4 11.Bb2 Qa5 12.Nb1 dxc4 13.bxc4 Qh5 14.h3 Bd6 15.e4 Qxd1
16.Rxd1 Bc7 17.e5 Ng8 18.Nd2 O-O-O 19.Ne4 Nb6 20.Rac1 Kb8 21.Ba3 Nh6 22.g4 Rd7
23.Bd6 Rhd8 24.Nc5 Rxd6 25.exd6 Bxd6 26.Nxb7 Kxb7 27.c5 Bxc5 28.dxc5 Rxd1+
29.Rxd1 Nd5 30.Rb1+ Kc8 31.Bf1 Nc7 32.a4 Ng8 33.a5 Nf6 34.f3 Nd7 35.Rc1 Nd5
36.Kf2 Kc7 37.h4 f5 38.gxf5 gxf5 39.Be2 Nf4 40.Ba6 g6 41.Bf1 Ne5 42.Rb1 Nd7
43.Rc1 Ne5 44.Rc3 Nd5 45.Rc2 Nf4 46.Kg3 Nh5+ 47.Kf2 Nf4 48.Ba6 Nd7 49.Rb2 Nd5
50.Be2 e5 51.Ba6 Nf4  1/2-1/2

[Event "TCh-POL 1st League"]
[Site "Mrzezyno POL"]
[Date "2011.09.06"]
[Round "4"]
[White "Mista,A"]
[Black "Sieciechowicz,M"]
[Result "1-0"]
[WhiteElo "2561"]
[BlackElo "2422"]

1.d4 d5 2.c4 c6 3.Nf3 Nf6 4.Qb3 dxc4 5.Qxc4 Bf5 6.g3 e6 7.Bg2 Nbd7 8.O-O Be7
9.Rd1 O-O 10.e3 Qc7 11.Nc3 Rfd8 12.Qe2 e5 13.e4 Bg4 14.Be3 exd4 15.Bxd4 Bc5
16.Qe3 Bxd4 17.Rxd4 Re8 18.h3 Bh5 19.Rad1 Nc5 20.g4 Bg6 21.e5 a5 22.Rd6 Nfd7
23.Na4 Nxa4 24.Rxd7 Qc8 25.Qd4 Bc2 26.Qc4  1-0

[Event "TCh-POL 1st League"]
[Site "Mrzezyno POL"]
[Date "2011.09.07"]
[Round "5"]
[White "Marszalek,Mac"]
[Black "Hnydiuk,A"]
[Result "0-1"]
[WhiteElo "2340"]
[BlackElo "2412"]

1.d4 d5 2.c4 c6 3.Nf3 Nf6 4.Qb3 dxc4 5.Qxc4 Bf5 6.g3 e6 7.Bg2 Nbd7 8.O-O Be7
9.e3 O-O 10.Nc3 Ne4 11.Qe2 Nxc3 12.bxc3 Be4 13.a4 Qa5 14.Ba3 Bxa3 15.Rxa3 c5
16.Rc1 cxd4 17.cxd4 Rfc8 18.Qb5 Qd8 19.Ne1 Bxg2 20.Nxg2 Rc7 21.Nf4 Rac8 22.Nd3 Qf6
23.Qh5 g6 24.Qd1 Qf5 25.Rb3 Nf6 26.Rb5 Nd5 27.Rbc5 b6 28.Rxc7 Rxc7 29.Ne1 Nc3
30.Qd2 Rc4 31.a5 b5 32.Qd3 Qd5 33.Ng2 e5 34.Qf1 exd4 35.exd4 Rxd4 36.Re1 Kg7
37.Nf4 Qd6 38.Qh3 Rd1 39.Rxd1 Nxd1 40.Qg4 Qd2 41.Qf3 Nc3 42.Kg2  0-1

[Event "1st Barclays Open A"]
[Site "Rome ITA"]
[Date "2011.09.07"]
[Round "4.3"]
[White "Khenkin,I"]
[Black "Durarbeyli,V"]
[Result "1/2-1/2"]
[WhiteElo "2624"]
[BlackElo "2526"]

1.d4 d5 2.c4 c6 3.Nf3 Nf6 4.Qb3 dxc4 5.Qxc4 Bg4 6.Nc3 Nbd7 7.e4 e6 8.Be2 Be7
9.O-O O-O 10.Rd1 Rc8 11.Qb3 Qc7  1/2-1/2

[Event "1st Barclays Open A"]
[Site "Rome ITA"]
[Date "2011.09.07"]
[Round "5.4"]
[White "Sachdev,T"]
[Black "Khenkin,I"]
[Result "0-1"]
[WhiteElo "2419"]
[BlackElo "2624"]

1.d4 d5 2.c4 dxc4 3.Nf3 c6 4.e4 b5 5.a4 e6 6.b3 Bb4+ 7.Bd2 Bxd2+ 8.Qxd2 cxb3
9.axb5 Nf6 10.Nc3 O-O 11.Rb1 Bb7 12.e5 Nd5 13.Rxb3 Nxc3 14.Qxc3 cxb5 15.Bxb5 Bd5
16.Rb1 Nc6 17.Bxc6 Rc8 18.Qa3 Bxc6 19.Rd1 Bb5 20.d5 exd5 21.Qxa7 Ra8 22.Qe3 Ra2
23.Nd2 Qa5 24.h4 Rc8 25.Rh3 Ra1  0-1

[Event "Yuzhny Open"]
[Site "Yuzhny UKR"]
[Date "2011.09.07"]
[Round "7.33"]
[White "Kovalchuk,Al RUS"]
[Black "Zhak,B"]
[Result "1-0"]
[WhiteElo "2191"]
[BlackElo "1924"]

1.d4 d5 2.c4 c6 3.Nf3 Nf6 4.Qc2 e6 5.g3 Be7 6.Bg2 O-O 7.O-O Nbd7 8.Nbd2 dxc4
9.Nxc4 Nd5 10.e4 N5b6 11.Rd1 Nxc4 12.Qxc4 Re8 13.Bf4 Qb6 14.Qc2 Bf6 15.Be3 Qa5
16.a3 e5 17.b4 Qc7 18.d5 Nb8 19.Rac1 Bd7 20.Nd2 Rc8 21.Nb3 b6 22.dxc6 Qxc6
23.Qd3 Qb7 24.Rxc8+ Qxc8 25.Rc1 Qd8 26.Qd5 Na6 27.Bf1 Nc7 28.Rxc7 Be6 29.Qxd8+ Rxd8
30.Nd2 a5 31.Bc4 axb4 32.Bxe6 fxe6 33.axb4  1-0

[Event "9th Amantea Open"]
[Site "Amantea ITA"]
[Date "2011.09.08"]
[Round "5"]
[White "Spirin,O"]
[Black "Carbone,Stefano"]
[Result "1-0"]
[WhiteElo "2493"]
[BlackElo "1933"]

1.d4 d5 2.Nf3 Nf6 3.c4 c6 4.Qb3 dxc4 5.Qxc4 Bf5 6.g3 Nbd7 7.Bg2 e6 8.O-O Be7
9.e3 O-O 10.Rd1 e5 11.Nc3 exd4 12.Nxd4 Bg4 13.f3 Bh5 14.e4 Bg6 15.Be3 Qa5
16.Nb3 Qb4 17.Qxb4 Bxb4 18.Ne2 Rfd8 19.a3 Be7 20.Na5 Ne5 21.Bd4 b6 22.Bxe5 bxa5
23.Kf1 Rxd1+ 24.Rxd1 Rd8 25.Rc1 c5 26.Ke1 Ne8 27.Bc3 Rb8 28.Nf4 f6 29.Nxg6 hxg6
30.Rd1 Nd6 31.a4 Kf7 32.Bf1 g5 33.Rd5 Nb7 34.Rd7 Ke6 35.Bh3+ Kf7 36.e5 Rh8
37.e6+ Ke8 38.Rxb7 Rxh3 39.Rb8+  1-0

[Event "Sorea Open"]
[Site "Stara Lubovna SVK"]
[Date "2011.09.09"]
[Round "2"]
[White "Lembak,J"]
[Black "Schwabik,B"]
[Result "1/2-1/2"]
[WhiteElo "2245"]
[BlackElo "2044"]

1.d4 d5 2.c4 c6 3.Nf3 Nf6 4.Qc2 Nbd7 5.cxd5 cxd5 6.Bf4 e6 7.Bc7 Bb4+ 8.Nbd2 Qe7
9.e3 Ne4 10.Bd3 Ndf6 11.Rc1 Bd7 12.O-O Nxd2 13.Nxd2 O-O 14.Nf3 Rac8 15.Qb3 Bc6
16.Bf4 Nh5 17.Bg5 f6 18.Bh4 g5 19.Bg3 Nxg3 20.hxg3 Kg7 21.a3 Bd6 22.Rfe1 g4
23.Nh2 f5 24.Kf1 Qd7 25.Ke2 Ba4 26.Qa2 Bb5 27.Qb3 Ba4 28.Qa2  1/2-1/2

[Event "13th Trieste Open"]
[Site "Trieste ITA"]
[Date "2011.09.09"]
[Round "8"]
[White "Banusz,T"]
[Black "Gikas,A"]
[Result "1-0"]
[WhiteElo "2552"]
[BlackElo "2192"]

1.Nf3 d5 2.d4 Nf6 3.c4 c6 4.Qb3 Qb6 5.Nc3 dxc4 6.Qxc4 Bf5 7.e3 e6 8.Nh4 Bc2
9.Qe2 Be4 10.Nf3 Nbd7 11.Ne5 Rd8 12.Nc4 Qc7 13.Nxe4 Nxe4 14.a3 Be7 15.g3 O-O
16.Bg2 Nd6 17.Nxd6 Bxd6 18.O-O e5 19.dxe5 Bxe5 20.Qc2 Qb6 21.Rb1 Qc5 22.Qe2 Nb6
23.b4 Qc4 24.Qxc4 Nxc4 25.b5 cxb5 26.Bxb7 Bd6 27.Rxb5 Nxa3 28.Ra5 Nc4 29.Rxa7 Rd7
30.Rd1 Rb8 31.Ra4 Rdxb7 32.Rxc4 Be5 33.Rd5 Bf6 34.Kg2 g6 35.g4 Rb5 36.Rd7 R5b7
37.Rxb7 Rxb7 38.Rc5 Rb1 39.Kg3 h6 40.Bd2 Rg1+ 41.Kf3 Rd1 42.Ba5 Ra1 43.Bc7 Ra2
44.Bg3 Ra3 45.h4 Rb3 46.h5 g5 47.Rd5 Rb4 48.Bd6 Rc4 49.Bc5 Rc3 50.Ke4 Bg7
51.Kf5 Rc2 52.e4 Rc3 53.Be3 Rc6 54.e5 Rc4 55.Rd8+ Kh7 56.Rd7 Kg8 57.e6 fxe6+
58.Kg6 Bf8 59.Bd4 e5 60.Bxe5 Rc6+ 61.Bf6 Ra6 62.Rd8 Rc6 63.f4 gxf4 64.g5 hxg5
65.h6 Rxf6+ 66.Kxf6 Kh7 67.Rxf8 g4 68.Kg5  1-0

[Event "15th Cesenatico Open"]
[Site "Cesenatico ITA"]
[Date "2011.09.10"]
[Round "9"]
[White "Stella,A"]
[Black "Bernardi,R"]
[Result "1-0"]
[WhiteElo "2447"]
[BlackElo "2164"]

1.d4 d5 2.c4 c6 3.Nf3 Nf6 4.Nbd2 a6 5.g3 b5 6.cxd5 cxd5 7.Bg2 Bb7 8.O-O e6
9.Nb3 Nbd7 10.Bg5 Bd6 11.Rc1 Rc8 12.Bxf6 gxf6 13.Rxc8 Qxc8 14.Qd2 O-O 15.Rc1 Qa8
16.Nc5 Rd8 17.Bh3 Nxc5 18.dxc5 Bf8 19.Nd4 Re8 20.c6 Bc8 21.Qa5 Qb8 22.e3 Qd6
23.a3 Qe5 24.Qd2 f5 25.Bf1 Qc7 26.Qc2 f6 27.a4 b4 28.Nb3 Bd6 29.Nc5 Qxc6
30.Nxa6 Qxc2 31.Rxc2 Bd7 32.Bb5 Re7 33.b3 Bxb5 34.axb5 Be5 35.Rc8+ Kf7 36.b6 Rb7
37.Rc7+ Bxc7 38.bxc7 Rxc7 39.Nxc7 Ke7 40.Na6 Kd6 41.Nxb4 Kc5 42.Nd3+  1-0

[Event "8th LGA Premium Cup"]
[Site "Nuernberg GER"]
[Date "2011.09.11"]
[Round "7.10"]
[White "Hoffmann,Micha1"]
[Black "Nuber,K"]
[Result "1-0"]
[WhiteElo "2496"]
[BlackElo "2245"]

1.d4 d5 2.c4 c6 3.Nf3 Nf6 4.Qb3 dxc4 5.Qxc4 Qd5 6.Qa4 Bg4 7.Nc3 Qd8 8.Ne5 Bh5
9.f3 e6 10.g4 Bg6 11.h4 h6 12.Nxg6 fxg6 13.e3 Qd6 14.Qc2 Qg3+ 15.Ke2 Kf7
16.Rh3 Qg1 17.Bd2 Na6 18.Be1 Nb4 19.Qb1 Nxg4 20.fxg4  1-0

[Event "Pushchino Autumn"]
[Site "Pushchino RUS"]
[Date "2011.09.11"]
[Round "2"]
[White "Shaidullina,S"]
[Black "Ivakhinova,I"]
[Result "1/2-1/2"]
[WhiteElo "2191"]
[BlackElo "2288"]

1.d4 d5 2.c4 c6 3.Nf3 Nf6 4.Qb3 dxc4 5.Qxc4 Bf5 6.g3 e6 7.Bg2 Be7 8.O-O O-O
9.e3 Nbd7 10.Qe2 Re8 11.Rd1 h6 12.Nc3 Ne4 13.Ne1 Ndf6 14.Nd3 Qa5 15.Nxe4 Bxe4
16.f3 Bh7 17.e4 Nd7 18.Be3 Red8 19.b4 Qa6 20.Bf1 b5 21.a4 bxa4 22.Qc2 Qb6
23.Rxa4 Bf6 24.Qf2 Qc7 25.Rc1 Qb7 26.Ra5 Nb6 27.Nc5 Qc7 28.Na6 Qd7 29.e5 Be7
30.Nc5 Qc7 31.Ra6 Rdb8 32.b5 cxb5 33.Bxb5 Rc8 34.Raa1 Qd8 35.Ba6 Rc7 36.Bd2 Qd5
37.Ra5 Rd8 38.Nb7 Rxc1+ 39.Bxc1 Qc6 40.Rc5 Qa4 41.Nxd8 Qxa6 42.Nc6 Bxc5 43.dxc5 Nd7
44.Ne7+ Kf8 45.c6 Kxe7 46.cxd7 Kxd7 47.Qd4+ Ke7 48.Be3 Qb6 49.Qh4+ g5 50.Bxb6 gxh4
51.Bxa7 hxg3 52.hxg3 f6 53.Be3 h5 54.Bd4 fxe5 55.Bxe5 Bc2 56.Kf2 Kf7 57.Ke3 Kg6
58.Kf4 Bd1 59.Bc7 Be2 60.Ke4 Bd1 61.Bd8 Be2 62.Bh4 Bd1  1/2-1/2

[Event "ch-Euro Youth b14"]
[Site "Albena BUL"]
[Date "2011.09.13"]
[Round "3.11"]
[White "Minko,V"]
[Black "Ali Marandi,C"]
[Result "0-1"]
[WhiteElo "2038"]
[BlackElo "2257"]

1.d4 d5 2.c4 c6 3.Nf3 Nf6 4.g3 Bf5 5.Bg2 Nbd7 6.Nc3 e6 7.O-O dxc4 8.Bf4 Nd5
9.Qc1 Be7 10.Bg5 Bxg5 11.Nxg5 O-O 12.e4 Nxc3 13.bxc3 Bg6 14.f4 h6 15.Nh3 Qc7
16.f5 exf5 17.exf5 Bh7 18.g4 Nf6 19.Nf2 Rfe8 20.Qd2 Re7 21.Rae1 Rae8 22.Bf3 Kh8
23.Kg2 Nd5 24.Bxd5 cxd5 25.h3 Qd6 26.Nh1 Qa3 27.Rxe7 Qxe7 28.Ng3 b5 29.Rf2 a5
30.Re2 Qd7 31.h4 Rxe2+ 32.Qxe2 b4 33.g5 hxg5 34.hxg5 Bxf5 35.cxb4 axb4 36.Qe5 Bd3
37.Qb8+ Kh7 38.Qxb4 Qg4 39.Qe1 Qxd4 40.Qe8 Bg6 41.a4 c3 42.Qc8 Be4+ 43.Kh2 Qf2+
44.Kh3 Bg2+ 45.Kg4 c2 46.a5 Qf3+ 47.Kh4 Qf4+  0-1

[Event "ch-Euro Youth g16"]
[Site "Albena BUL"]
[Date "2011.09.13"]
[Round "3.7"]
[White "Severina,M"]
[Black "Khvorostova,Anna"]
[Result "1-0"]
[WhiteElo "2154"]
[BlackElo "1951"]

1.d4 d5 2.c4 c6 3.Nf3 Nf6 4.Qb3 dxc4 5.Qxc4 Nbd7 6.g3 Nb6 7.Qc2 Bg4 8.Nbd2 e6
9.Bg2 Bb4 10.O-O O-O 11.Rd1 Rc8 12.a3 Be7 13.b4 Ra8 14.Nb3 Bf5 15.Qd2 Ne4
16.Qe1 Nc4 17.Bd2 Bf6 18.Bc3 Qc7 19.Nc5 a5 20.Nxe4 Bxe4 21.Ne5 Bxg2 22.Nxc4 Bd5
23.Nxa5 b6 24.e4 bxa5 25.exd5 cxd5 26.bxa5 Rfc8 27.Rac1 Qa7 28.Rb1 Rc4 29.Rb4 Qc7
30.Rxc4 Qxc4 31.Qd2 h6 32.Bb4 Rc8 33.Bc5 Bd8 34.Rb1 e5 35.Bb6 exd4 36.Rb4 Qc3
37.Rxd4 Qxa3 38.Bxd8 Rxd8 39.Rxd5 Rf8 40.Rd8 Qe7 41.Rxf8+ Kxf8 42.Qd5  1-0

[Event "2nd Livigno Open A"]
[Site "Livigno ITA"]
[Date "2011.09.13"]
[Round "3.10"]
[White "Olszewski,Mi"]
[Black "Suvrajit,S"]
[Result "0-1"]
[WhiteElo "2534"]
[BlackElo "2384"]

1.d4 d5 2.c4 c6 3.Nf3 Nf6 4.Nbd2 Bf5 5.Nh4 Bc8 6.e3 Ne4 7.Nhf3 Nxd2 8.Bxd2 e6
9.Qc2 Nd7 10.Bd3 Bd6 11.cxd5 cxd5 12.Bxh7 f5 13.Bg6+ Kf8 14.g4 fxg4 15.Ng1 Nf6
16.Ne2 Bd7 17.Bd3 g5 18.Ng3 Qb6 19.e4 dxe4 20.Nxe4 Nxe4 21.Bxe4 Rc8 22.Bc3 Rh3
23.Bg2 Rhxc3 24.bxc3 Rxc3 25.Qd2 Qb5 26.a4 Qc4 27.Bf1 Qb4  0-1

[Event "ch-Euro Youth b14"]
[Site "Albena BUL"]
[Date "2011.09.14"]
[Round "4.2"]
[White "Harutyunian,T"]
[Black "Duda,J"]
[Result "1/2-1/2"]
[WhiteElo "2201"]
[BlackElo "2368"]

1.d4 d5 2.c4 c6 3.Nf3 Nf6 4.Qc2 e6 5.Bg5 Nbd7 6.cxd5 exd5 7.Nc3 Be7 8.e3 O-O
9.Bd3 Re8 10.O-O h6 11.Bf4 Bf8 12.h3 b6 13.Rac1 Bb7 14.Rfd1 Rc8 15.Qb1 Qe7
16.Nd2 Red8 17.a3 g6 18.Re1 Nh5 19.Bh2 Qf6 20.Nf3 c5 21.Qc2 a6 22.Qe2 c4
23.Bb1 b5 24.Ne5 Nxe5 25.Bxe5 Qb6 26.f4 Ng7 27.Qg4 Rc6 28.Rf1 Be7 29.Qf3 Re6
30.f5 Rxe5 31.fxg6 f5 32.dxe5 d4 33.Be4 dxc3 34.Bxb7 cxb2 35.Rc2 Rd3 36.Rxb2 Bxa3
37.Bd5+ Kh8 38.Re2 Qxg6 39.Ra1 Bb4 40.Rea2 a5 41.Rxa5 Bxa5 42.Rxa5 c3 43.Ra8+ Ne8
44.Bb3 Rd2 45.g4 f4 46.Qxf4 Qb1+ 47.Qf1 Qxf1+ 48.Kxf1 c2 49.Rxe8+ Kg7 50.Bxc2 Rxc2
51.Rb8 Rb2 52.Rb7+ Kg8 53.e6 Kf8 54.Rh7 b4 55.e7+ Ke8 56.Rxh6 Rh2 57.Rb6 Rxh3
58.Kf2 Rh2+ 59.Kf3 Rb2 60.Rb7 Rb1 61.g5 b3 62.g6 Rg1 63.Kf4 Rxg6 64.Kf5 Rh6
65.e4 b2 66.e5 Rh2 67.Ke6 b1=Q 68.Rxb1 Rb2 69.Rd1 Rd2 70.Rh1 Rh2  1/2-1/2

[Event "ch-Nordic Senior"]
[Site "Reykjavik ISL"]
[Date "2011.09.15"]
[Round "6.14"]
[White "Ingvason,S"]
[Black "Gunnlaugsson,G"]
[Result "1/2-1/2"]
[WhiteElo "2016"]
[BlackElo "1846"]

1.Nf3 Nf6 2.d4 d5 3.c4 c6 4.g3 e6 5.Bg2 dxc4 6.Qc2 Nbd7 7.Qxc4 Nb6 8.Qc2 Be7
9.O-O O-O 10.Nc3 Bd7 11.Bg5 h6 12.Bxf6 Bxf6 13.Ne4 Be7 14.Rfd1 Qc7 15.Rac1 Rac8
16.Nc5 Be8 17.e4 Nd7 18.Nd3 Nf6 19.Qe2 Qb8 20.b4 Bd7 21.Nfe5 Rfd8 22.Nxd7 Rxd7
23.Nc5 Rdc7 24.Bh3 Bxc5 25.bxc5  1/2-1/2

[Event "ch-Euro Youth b14"]
[Site "Albena BUL"]
[Date "2011.09.17"]
[Round "6.5"]
[White "Harutyunian,T"]
[Black "Csonka,B"]
[Result "1-0"]
[WhiteElo "2201"]
[BlackElo "2289"]

1.d4 d5 2.c4 c6 3.Nf3 Nf6 4.Qc2 dxc4 5.Qxc4 Bg4 6.Nbd2 Nbd7 7.g3 e6 8.Bg2 Be7
9.O-O O-O 10.b3 Qa5 11.Bb2 Nb6 12.Qc2 Rac8 13.Nc4 Qa6 14.Nfe5 Bh5 15.e4 Rfd8
16.Rfe1 c5 17.d5 exd5 18.Nxb6 Qxb6 19.exd5 Qc7 20.Nc4 Bg6 21.Qe2 Bd6 22.Bxf6 gxf6
23.h4 Qd7 24.h5 Bf5 25.Qf3 Bg4 26.Qxf6 Bxh5 27.Nxd6 Qxd6 28.Re8+  1-0

[Event "TCh-FIN SM-Liiga 2011-12"]
[Site "Joensuu FIN"]
[Date "2011.09.17"]
[Round "1.5"]
[White "Mertanen,J"]
[Black "Myller,J"]
[Result "1/2-1/2"]
[WhiteElo "2369"]
[BlackElo "2124"]

1.d4 d5 2.c4 c6 3.Nf3 Nf6 4.Qc2 a6 5.Bf4 dxc4 6.Qxc4 b5 7.Qc2 Bb7 8.g3 e6
9.Bg2 Qb6 10.O-O Nbd7 11.Ne5 c5 12.Nxd7 Nxd7 13.Bxb7 Qxb7 14.dxc5 Bxc5  1/2-1/2

[Event "TCh-NED Meesterklasse 2011-12"]
[Site "Netherlands NED"]
[Date "2011.09.17"]
[Round "1.9"]
[White "Driessens,P"]
[Black "Besseling,M"]
[Result "1/2-1/2"]
[WhiteElo "2311"]
[BlackElo "2203"]

1.d4 d5 2.c4 c6 3.Nf3 Nf6 4.Qc2 dxc4 5.Qxc4 Bf5 6.Nc3 e6 7.Bg5 Be7 8.e3 Nbd7
9.Be2 h6 10.Bh4 O-O 11.O-O Re8 12.a3 Ne4 13.Nxe4 Bxe4 14.Bg3 Bf6 15.Rfd1 Qb6
16.b4 Bd5 17.Qc2 e5 18.e4 Be6 19.dxe5 Be7 20.Nd4 Nf8 21.Bc4 c5 22.Nxe6 Nxe6
23.bxc5 Bxc5 24.Rab1 Qc7 25.Qb3 b6 26.h3 a5 27.a4 Rac8 28.Rbc1 Qe7 29.Rd5 Bb4
30.Rcd1 Rc7 31.Bb5 Rec8 32.Qf3 Rc3 33.Qg4 Qg5 34.Kh2 Qxg4 35.hxg4 Be7 36.f4 Nc5
37.Re1 Ra3 38.Rd4 Ne6 39.Rd7 Bb4 40.Red1 Rc2 41.f5 Ng5 42.Rd8+ Kh7 43.e6 Raa2
44.Bf1 fxe6 45.e5 Bc3 46.f6 Rd2 47.R1xd2 Rxd2 48.Bd3+ g6 49.Bf4 Bxe5 50.Bxe5 Nf3+
51.Kg3 Nxe5 52.Bxg6+ Kxg6 53.Rxd2 Kxf6 54.Kf4 Ng6+ 55.Ke4 Ne7 56.Rf2+ Kg5
57.Ke5 Nd5 58.Rf3 Kxg4 59.Rb3 h5 60.g3 Ne7 61.Kxe6 Nf5 62.Rxb6 Nxg3 63.Rb5 h4
64.Rxa5 h3 65.Rb5 h2 66.Rb1 Ne4 67.a5 Kg3 68.Ra1 Nc5+ 69.Kd5  1/2-1/2

[Event "ch-Euro Youth g16"]
[Site "Albena BUL"]
[Date "2011.09.18"]
[Round "7.13"]
[White "Unapkoshvili,N"]
[Black "Matisone,Dana"]
[Result "1-0"]
[WhiteElo "1990"]
[BlackElo "1607"]

1.d4 c6 2.c4 d5 3.Qc2 Nf6 4.Nf3 Bg4 5.Ne5 Bh5 6.g3 e6 7.Bg2 Nbd7 8.Nxd7 Qxd7
9.O-O Bg6 10.Qb3 dxc4 11.Qxc4 Be7 12.Nc3 O-O 13.e3 Rfd8 14.Ne2 Rac8 15.Nf4 c5
16.Nxg6 hxg6 17.dxc5 Rxc5 18.Qb3 Rb5 19.Qa4 a6 20.b3 Qc7 21.Qf4 Qxf4 22.exf4 Nd5
23.Bb2 Rc5 24.Rac1 b5 25.Rxc5 Bxc5 26.Rc1 Be7 27.a3 a5 28.Rc6 b4 29.a4 Rd7
30.Kf1 Bd8 31.Be5 f6 32.Rd6 Rxd6 33.Bxd6 Nc3 34.Bc5 Kf7 35.Ke1 Bc7 36.Kd2 Bd8
37.Kd3 Nb1 38.Be3 Na3 39.Kd2 Nb1+ 40.Kc2 Na3+ 41.Kc1 Bc7 42.Be4 f5 43.Bd3 Ke7
44.Kd2 Kd6 45.Bd4 Kd5 46.Ke3 e5 47.fxe5 Bxe5 48.Bxe5 Kxe5 49.f4+ Kd5 50.h3 Kc5
51.g4 fxg4 52.hxg4 g5 53.fxg5 Kd5 54.g6 Ke5 55.Be4 Ke6 56.Kd4 Kd6 57.Bf5 Kc6
58.Ke5 Kc5 59.Be4 Nc4+ 60.bxc4 Kxc4 61.Ke6 Kb3 62.Kf7 Kxa4 63.Kxg7 Ka3 64.Kf6 a4
65.g7 b3 66.g8=Q Ka2 67.Qc4 a3 68.Bc2 Kb2 69.Qxb3+ Kc1 70.Bd3 Kd2 71.Qxa3 Ke3
72.Ke5 Kf2 73.Kf4 Kg2 74.Qb2+ Kh3 75.Bf1+ Kh4 76.Qh2+  1-0

[Event "Caissa IM Sept 2011"]
[Site "Kecskemet HUN"]
[Date "2011.09.20"]
[Round "6.2"]
[White "Bhakti,K"]
[Black "Heredia Serrano,C"]
[Result "1-0"]
[WhiteElo "2289"]
[BlackElo "2090"]

1.d4 d5 2.c4 c6 3.Nf3 Nf6 4.Qc2 dxc4 5.Qxc4 Bf5 6.e3 e6 7.Bd3 Bxd3 8.Qxd3 c5
9.Qb5+ Qd7 10.Nc3 a6 11.Qe2 Nc6 12.dxc5 Bxc5 13.O-O O-O 14.a3 Rfd8 15.b4 Be7
16.Bb2 Qd3 17.Qxd3 Rxd3 18.Rfd1 Rad8 19.Rxd3 Rxd3 20.Kf1 h6 21.Ke2 Rd8 22.h3 Kf8
23.Rc1 Bd6 24.Nd2 Ke7 25.f4 e5 26.f5 g6 27.fxg6 fxg6 28.Nce4 Nxe4 29.Nxe4 Ke6
30.g4 Be7 31.Bc3 Kd5 32.Nf2 Ke6 33.Nd3 Rd5 34.Rb1 b5 35.Rc1 Nb8 36.Bb2 Nd7
37.Rc7 Bf6 38.e4 Rd6 39.Nc5+ Nxc5 40.bxc5 Rd7 41.Rc6+ Kf7 42.Rxa6 Rc7 43.c6 h5
44.g5 Bg7 45.Bc3 Rc8 46.Ra7+ Kg8 47.c7 Kf7 48.Ba5 Ke8 49.Ra6 Bf8 50.Rxg6 Bxa3
51.Rg8+ Kd7 52.Rd8+  1-0

[Event "TCh-Central Serbia 2011"]
[Site "Kraljevo SRB"]
[Date "2011.09.21"]
[Round "6"]
[White "Solomunovic,I"]
[Black "Radovanovic,J"]
[Result "1-0"]
[WhiteElo "2402"]
[BlackElo "2320"]

1.d4 d5 2.c4 c6 3.Nf3 Nf6 4.Qc2 g6 5.Bf4 Bg7 6.e3 Bf5 7.Qb3 Qb6 8.Nc3 dxc4
9.Bxc4 Qxb3 10.Bxb3 O-O 11.Ke2 Bg4 12.h3 Bxf3+ 13.Kxf3 Nfd7 14.Ke2 Nb6 15.Rhd1 N8d7
16.Rac1 Rac8 17.Ne4 Nd5 18.Bh2 h6 19.g4 Kh8 20.f3 Kg8 21.Nf2 N5b6 22.Nd3 Rfe8
23.Nc5 Nxc5 24.dxc5 Nd5 25.e4 Nc7 26.Rd7 Nb5 27.e5 Nc7 28.Rxc7 Rxc7 29.e6 Rec8
30.exf7+ Kf8 31.Be6 Bxb2 32.Rd1  1-0

[Event "31st Munich OIS A"]
[Site "Munich GER"]
[Date "2011.09.21"]
[Round "5.4"]
[White "Loetscher,R"]
[Black "Pierecker,M"]
[Result "1/2-1/2"]
[WhiteElo "2364"]
[BlackElo "2218"]

1.d4 d5 2.c4 c6 3.Nf3 Nf6 4.g3 Bg4 5.Ne5 Bf5 6.Bg2 e6 7.O-O Nbd7 8.Nxd7 Qxd7
9.Nd2 Bd6 10.b3 Qe7 11.Bb2 O-O 12.Re1 Rfd8 13.c5 Bc7 14.b4 e5 15.dxe5 Bxe5
16.Bxe5 Qxe5 17.Nf3 Qc3 18.Qd4 Qa3 19.Nh4 Bd7 20.Reb1 a5 21.b5 cxb5 22.Rb3 Qa4
23.Qxa4 bxa4 24.Rxb7 Rab8 25.Rb6 Rxb6 26.cxb6 Rb8 27.Rb1 Be6 28.Rb5 g5 29.Nf3 Ne4
30.Nd4 Nc3 31.Rb2 a3 32.Rb3 Nxa2 33.Rxa3 Nb4 34.Rxa5 Rxb6 35.h3 Nc6 36.Nxc6 Rxc6
37.Bxd5 Bxd5 38.Rxd5 h6 39.Kg2 Kg7 40.g4 Kg6 41.e3 Ra6 42.Kg3 Ra1 43.Rd6+ Kg7
44.Rd5 Kg6 45.Kg2 Ra6 46.h4 Rc6 47.Kg3 Rc1 48.h5+ Kg7 49.Kg2 Ra1 50.Rf5 Ra2
51.Kf3 Rb2 52.Ke4 Rb4+ 53.Kf3 Rb2 54.Rd5 Ra2 55.Rd1 Rb2 56.Re1 Ra2 57.Re2 Ra4
58.Rd2 Rb4 59.Kg3 Rb3 60.Re2 Ra3 61.f3 Rb3 62.Kf2 Ra3 63.Rc2 Rb3 64.Ke2 Ra3
65.Kd2 Rb3 66.Rc3 Rb4 67.Kd3 Ra4 68.Rc4 Ra3+ 69.Ke4 Rb3 70.Rc5 Ra3 71.Re5 Kf6
72.Rf5+ Ke6 73.Kd4 Ra4+ 74.Kd3 Ra3+ 75.Ke2 Ra2+ 76.Ke1 Rb2 77.e4 Ra2 78.e5 Rb2
79.Kf1 Ra2 80.Rf6+ Kxe5 81.Rxf7 Rb2 82.Rf5+ Kd4 83.f4 gxf4 84.Rxf4+ Ke3 85.Rf6 Rb4
86.Kg2 Rxg4+ 87.Kh3 Rg5 88.Kh4 Ke4 89.Rxh6 Kf5 90.Ra6 Rg4+ 91.Kh3 Rg1 92.h6 Rh1+
93.Kg3  1/2-1/2

[Event "TCh-Central Serbia 2011"]
[Site "Kraljevo SRB"]
[Date "2011.09.22"]
[Round "8.4"]
[White "Zafirovski,M"]
[Black "Ratkovic,Miloj"]
[Result "1/2-1/2"]
[WhiteElo "2239"]
[BlackElo "2135"]

1.d4 d5 2.c4 c6 3.Nf3 Nf6 4.Qb3 dxc4 5.Qxc4 Bf5 6.g3 e6 7.Bg2 Be7 8.O-O O-O
9.e3 Nbd7 10.Qe2 Bg4 11.Re1 Ne4 12.Nc3 Ndf6 13.Nxe4 Nxe4 14.h3 Bh5 15.g4 Bg6
16.Ne5 Bh4 17.f3 Bf2+ 18.Kh2 Bg3+ 19.Kg1  1/2-1/2

[Event "Campomanes Mem GM"]
[Site "Yangon MYA"]
[Date "2011.09.24"]
[Round "5"]
[White "Bui Vinh"]
[Black "Htun Lynn Kyaw"]
[Result "1-0"]
[WhiteElo "2458"]
[BlackElo "2321"]

1.d4 d5 2.Nf3 c6 3.c4 Nf6 4.Qb3 e6 5.g3 Be7 6.Bg2 O-O 7.O-O b5 8.cxb5 cxb5
9.Ne5 Qb6 10.Rd1 Nc6 11.Nxc6 Qxc6 12.Bg5 Bb7 13.Nc3 a6 14.e4 dxe4 15.Bxf6 Bxf6
16.Nxe4 Qxe4 17.Bxe4 Bxe4 18.Qe3 Bd5 19.a3 Rfd8 20.Rac1 Rd7 21.Rc5 Rad8 22.Qc3 Bb7
23.Rc7 Rxd4 24.Rxd4 Bxd4 25.Qd2 Bf6 26.Qxd8+ Bxd8 27.Rxb7 Kf8 28.Ra7 a5 29.Rb7  1-0

[Event "TCh-Central Serbia 2011"]
[Site "Kraljevo SRB"]
[Date "2011.09.25"]
[Round "11.4"]
[White "Rabrenovic,V"]
[Black "Sandic,V"]
[Result "1/2-1/2"]
[WhiteElo "2378"]
[BlackElo "2334"]

1.d4 Nf6 2.c4 c6 3.Nf3 d5 4.Qc2 e6 5.Nbd2 Nbd7 6.g3 Bd6 7.Bg2 O-O 8.O-O Re8
9.Rd1 Qe7 10.b3 e5 11.cxd5 cxd5 12.dxe5 Nxe5 13.Bb2 Bg4 14.Rac1 Rac8 15.Qb1 Nxf3+
16.exf3 Be6 17.Rxc8 Rxc8 18.Bf1 Ba3 19.Ba1 Qc5 20.Bd3 h6 21.Nf1 Kf8 22.Bxf6 gxf6
23.Bf5 Kg7 24.Ne3 Rc6 25.Ng2 Qc1 26.Rxc1 Rxc1+ 27.Qxc1 Bxc1 28.Bd3 Kf8 29.Kf1 Ke7
30.Ke2 Kd6 31.Kd1 Bb2 32.Bc2 Bd4 33.Ne3 a5 34.f4  1/2-1/2